Marketingová komunikácia vybraného podniku diplomová práca

Uložené v:
Podrobná bibliografia
Hlavný autor: Lazurová, Katarína
Korporativný autor: Podnikovohospodárska fakulta EU so sídlom v Košiciach. Katedra obchodného podnikania
Ďalší autori: Gontkovičová, Barbora, 1986-
Médium: Kniha
Jazyk:Slovak
Vydavateľské údaje: Košice 2015
Tagy: Pridať tag
Žiadne tagy, Buďte prvý, kto otaguje tento záznam!

MARC

LEADER 00000nbm a2200000 4500
001 0202186
005 20161212094411.9
041 0 |a slo 
044 |a SK 
245 1 0 |a Marketingová komunikácia vybraného podniku  |b diplomová práca  |c Katarína Lazurová ; školiteľ: Barbora Gontkovičová 
264 1 |a Košice  |c 2015 
300 |a 73 s. 
100 1 |a Lazurová, Katarína 
700 1 |a Gontkovičová, Barbora, 1986- 
710 2 |a Podnikovohospodárska fakulta EU so sídlom v Košiciach. Katedra obchodného podnikania